Charles Taylor "Master Mechanic" award.

Bibliographic Details
Corporate Author: United States. Federal Aviation Administration
Format: Government Document Book
Language:English
Published: [Washington, D.C.] : U.S. Dept. of Transportation, Federal Aviation Administration, [2004]
Series:Advisory circular ; AC no. 65-26C
Subjects:
Online Access:https://purl.fdlp.gov/GPO/LPS107272

MARC

Tag First Indicator Second Indicator Subfields
LEADER 00000cam a2200000Ka 4500
001 in00002442016
005 20211202190535.0
006 m d f
008 090108s2004 dcu s f000 0 eng d
035 |a (OCoLC)ocn297373946 
040 |a GPO  |c GPO  |d MvI  |d UtOrBLW 
049 |a WWW 
074 |a 0431-A-27 (online) 
086 0 |a TD 4.8/5:65-26 C 
110 1 |a United States.  |b Federal Aviation Administration. 
245 1 0 |a Charles Taylor "Master Mechanic" award. 
246 2 |a Charles Taylor Master Mechanic award 
264 1 |a [Washington, D.C.] :  |b U.S. Dept. of Transportation, Federal Aviation Administration,  |c [2004] 
300 |a 3 pages :  |b digital, PDF file. 
336 |a text  |b txt  |2 rdacontent 
337 |a computer  |b c  |2 rdamedia 
338 |a unspecified  |b zu  |2 rdacarrier 
490 1 |a Advisory circular ;  |v AC no. 65-26C 
538 |a Mode of access: Internet at the FAA web site. Address as of 1/8/09: http://www.airweb.faa.gov/Regulatory%5Fand%5FGuidance%5FLibrary/rgAdvisoryCircular.nsf/0/5b95529963c8d2c686256f8700635cb6/$FILE/AC65-26C.pdf ; current access available via PURL. 
500 |a Title from PDF caption (viewed Jan. 8, 2009). 
500 |a "12/20/04." 
500 |a AC 65-26B, dated July 2, 1998, is cancelled. 
500 |a Electronic resource. 
650 0 |a Aviation mechanics (Persons)  |x Awards  |z United States. 
810 1 |a United States.  |b Federal Aviation Administration.  |t Advisory circular ;  |v AC 65-26 C. 
856 4 0 |u https://purl.fdlp.gov/GPO/LPS107272  |t 0 
999 |a MARS 
999 f f |s 80e3d993-c4cb-397c-8ddc-d5f7e4a3e7aa  |i dd96fdee-077f-398d-8175-a86181818698  |t 0 
952 f f |a Texas A&M University  |b College Station  |c Electronic Resources  |d Available Online  |t 0  |e TD 4.8/5:65-26 C  |h Superintendent of Documents classification 
998 f f |a TD 4.8/5:65-26 C  |t 0  |l Available Online